000 00540nam a2200157Ia 4500
005 20250320095754.0
008 231217s9999 xx 000 0 und d
020 _a9788120337428
082 _a658.477 MIT;1 R
100 _aMitroff, Ian I.
245 0 _aWhy some companies emerge strong and better from a crisis : 7 essentials lessons for surviving disaster
260 _c2009
_bPHI
_aNew Delhi
300 _axvi, 238
650 _aWhy,some,companies,emerge,storage,better,crisis,7,essentials,lessons,surviving,disaster
942 _cAA
999 _c184925
_d184925